000 01131nam a22002537a 4500
005 20240530110918.0
008 220221s2006 ua a g b 000 0 ara d
017 _a2005/8/2011
_bعمان. دائرة المكتبة الوطنية
020 _a9957321048
040 _aEG-CaGPL
_cEG-CaGPL
082 0 4 _221
_a338.4791\
_bم ج
100 0 _aموفق عدنان الحميرى
245 1 2 _aالجغرافيا السياحية فى القرن الحادى والعشرون :
_bمنهج اساليب وتحليل : رؤية فكرية جديدة وتركيبة منهجية حديثة /
_cتاليف موفق عدنان الحميرى ، نبيل زعل الحوامده
250 _aط.1
260 _aالقاهرة :
_bدار الحامد للنشر والتوزيع،
_c2006
300 _a304 ص؛
_c24 سم
650 0 7 _aالسياحة
_2qrmak
650 0 7 _aالجغرافيا السياحية
650 0 7 _aالسياحة
_xاقتصاديات
_2qrmak
651 _2qrmak
700 0 _aنبيل زعل الحوامده
_eمؤلف مشارك
942 _2ddc
_cBK
999 _c66421
_d66421